[Event "Gran Canaria-ch U10"]
[Site "Gran Canaria"]
[Date "2013.03.09"]
[Round "5.2"]
[White "Viejo Henriquez, Carlos"]
[Black "Sanchez Santamaria, Raul"]
[Result "0-1"]
[WhiteElo "1200"]
[BlackElo "1200"]
[PlyCount "102"]
[EventDate "2013.03.08"]
[EventType "tourn"]
[EventRounds "7"]
[EventCountry "ESP"]
[SourceTitle "EXT 2024"]
[Source "ChessBase"]
[SourceDate "2023.10.10"]
[SourceVersion "1"]
[SourceVersionDate "2023.10.10"]
[SourceQuality "1"]

1. e4 e5 2. Nf3 Nc6 3. Bc4 Nf6 4. Nc3 Bb4 5. d3 Bxc3+ 6. bxc3 0-0 7. d4 d6 8. Bg5 h6 9. Bh4 exd4 10. cxd4 Na5 11. Bd3 Nc6 12. d5 Nb4 13. Bc4 c6 14. 0-0 cxd5 15. exd5 Bf5 16. Nd4 Bd7 17. Rb1 Na6 18. Rxb7 Nc5 19. Rb1 Na4 20. Rb3 Nc5 21. Re3 Bg4 22. Be2 Bxe2 23. Qxe2 Ncd7 24. Nc6 Qc7 25. Qf3 Rae8 26. Rxe8 Nxe8 27. h3 Qb6 28. Be7 Qc5 29. Bxf8 Nxf8 30. Qe2 Nc7 31. Rd1 Qa3 32. c4 Qa6 33. Qg4 Qxa2 34. Qc8 Qc2 35. Rd4 Qb2 36. Ne7+ Kh7 37. Rf4 Qc1+ 38. Kh2 Qxf4+ 39. g3 Qxf2+ 40. Kh1 Qxg3 41. Qf5+ Ng6 42. Qxf7 Qxh3+ 43. Kg1 Qe3+ 44. Kf1 Qxe7 45. Qf5 Qf6 46. Qxf6 gxf6 47. Ke2 Nf4+ 48. Ke3 Ncxd5+ 49. cxd5 Nxd5+ 50. Ke4 Nc3+ 51. Kd4 h5 0-1